000 00273nam a2200121Ia 4500
008 170620s9999 xx 000 0 und d
100 _aCOOPER AND GUNN'S
245 0 _aTUTORIAL PHARMACY
260 _bCBS- DELHI
260 _c2005
300 _a469
546 _aEnglish
690 _aTUTORIAL PHARMACY
999 _c30926
_d30926